Mai / (Registro nro. 8422)

Detalles MARC
000 -LIDER
fixed length control field 01015nam a22003377a 4500
001 - NÚMERO DE CONTROL
Identificador de número de control 048
003 - IDENTIFICACDOR DE NÚMERO DE CONTROL
control field DO-SdBNP
005 - DATE AND TIME OF LATEST TRANSACTION
control field 20180219155533.0
007 - CAMPOS FIJOS DE DESCRIPCIÓN FÍSICA
fixed length control field 048
008 - ELEMENTOS DE LONGITUD FIJA
fixed length control field 151005b1992 sp a 00| 0 spa d
020 ## - ISBN
International Standard Book Number 8434811499
040 ## - FUENTE DE CATALOGACIÓN
Agencia que crea de manera original el registro BPMSU
Idioma de catalogación spa
Agencia que realiza la transcripción BPMSU
092 ## - LOCALLY ASSIGNED DEWEY DECIMAL CALL NUMBER
Número de clasificación XXXX
Número de ítem (Cutter) XXXX
100 1# - ASIENTO PRINCIPAL -- NOMBRE PERSONAL
Nombre personal Perera, Hilda
245 10 - MENCIÓN DE TITULO
Título Mai /
Mención de responsabilidad Hilda Perera ; ilustración Marina Seoane ; dirección de la colección Marinella Terzi
250 ## - MENCIÓN DE EDICION
Mención de edición 11a. ed.
260 ## - PUBLICACIÓN, DISTRIBUCIÓN, ETC. (PIE DE IMPRENTA)
Lugar de publicación, distribución, etc Madrid :
Nombre del editor, distribuidor, etc. Ediciones SM,
Fecha de publicación, distribución, etc 1992.
300 ## - DESCRIPCIÓN FÍSICA
Extensión 114 p. :
Otros detalles físicos il. ;
Dimensiones 19 cm.
490 1# - MENCIÓN DE SERIES
Mención de serie El barco de vapor
Volume/sequential designation 9
500 ## - NOTA GENERAL
Nota general Lista de honor de la comisión católica española de la infancia, 1980.
521 1# - TARGET AUDIENCE NOTE
Target audience note A partir de los 12 años
586 ## - AWARDS NOTE
Awards note Premio Lazarillo, 1975.
586 ## - AWARDS NOTE
Awards note Premio Lazarillo, 1978.
700 12 - ASIENTO SECUNDARIO -- NOMBRE PERSONAL
Nombre personal Seoane, Marina
Mención de responsabilidad il.
700 12 - ASIENTO SECUNDARIO -- NOMBRE PERSONAL
Nombre personal Terzi, Marinella
Mención de responsabilidad dir. colección
830 #0 - ASIENTO SECUNDARIO DE SERIE--TÍTULO UNIFORME
Título uniforme Barco de vapor
Número de la parte o sección de una obra 9
Información miscelánea Roja
910 ## - VALIDACIÓN
Validación 202
942 ## - ADDED ENTRY ELEMENTS (KOHA)
Source of classification or shelving scheme Dewey Decimal Classification
Koha item type Libros
945 ## - INFORMACIÓN DE PROCESAMIENTO LOCAL
Información de procesamiento local Inventariado, 2018/ YL
956 ## - LOCAL ELECTRONIC LOCATION AND ACCESS (OCLC)
Nombre de host YLOCKWARD
Número de acceso 10
Información de compresión BPMSU
Existencias
Withdrawn status Lost status Source of classification or shelving scheme Damaged status Not for loan Collection code Home library Current library Date acquired Source of acquisition Total Checkouts Barcode Date last seen Price effective from Koha item type
    Dewey Decimal Classification       Biblioteca Pública Metropolitana Salomé Ureña Biblioteca Pública Metropolitana Salomé Ureña 10/22/2015 Donación   BPMET15100147 10/22/2015 10/22/2015 Libros